000 00409nam a2200169Ia 4500
008 230524s9999 xx 000 0 und d
082 _a302.231
_bBEE
100 _aFerdinand P.Beer
245 0 _aMechanics of Materials
250 _a3RD
260 _aNEW DELHI
_bTMH
_c2004
300 _a780
500 _aQuantity Number: 3
650 _aMechanics
700 _a E.Russell Johnston et.al
942 _cBK
999 _c16050
_d16050